| 000 | 00651nam a2200241Ia 4500 | ||
|---|---|---|---|
| 008 | 170712s9999 xx 000 0 und d | ||
| 050 | _a331 | ||
| 050 | _bF796 1992 | ||
| 100 | _aFoz, Vicente B. | ||
| 245 | 4 | _aThe labor code of the Philippines and its implementing rules and regulations / | |
| 245 | _cby Vicente B. Foz. | ||
| 250 | _aFirst edition | ||
| 260 | _aPhilippines : | ||
| 260 | _bPhilippine Law Gazette, | ||
| 260 | _c1992 | ||
| 300 | _a478 pages : | ||
| 300 | _billustrations ; | ||
| 300 | _c25cm. | ||
| 500 | _aIncludes index. | ||
| 650 | _aLabor laws and legislation -- | ||
| 650 | _aTitle. | ||
| 650 | _xPhilippines. | ||
| 999 |
_c340441 _d340441 |
||